00728 2200229 4500001002100000005001500021035002000036007000300056008004100059020002200100082001000122084001600132100001300148245012100161250001100282260003400293300003300327505011100360990000900471990000900480990000900489INLIS00000000000759320251224030949 a0010-1221000091ta251224 e 0 ger  a978-602-1656-37-2 a745.5 a745.5 LIN a0 aLinawati1 aAKSESORI RUFFLE :bRagam Kerutan Cantik Inspiratif dari Sifon, Satin, Organdi, dan Brokat untuk Aksesori /cLinawati aCet. 1 aSurabaya :bTIARA AKSA,c2015 a84 Hal :bilus ;c21 x 17 cm aRuffle atau kerutan yang dibuat dari kain dikreasikan menjadi bentuk bentuk aksesori yang unik dan cantik. a4656 a4657 a4658